| 000 | 00569nam a2200229 a 4500 | ||
|---|---|---|---|
| 005 | 20140311161026.0 | ||
| 008 | 060719s19uu xx 00 eng d | ||
| 020 | _a9715843999 | ||
| 050 |
_aRJ 401 _b.In61Im 2005 |
||
| 245 | _aIntegrated management of childhood illness chart / | ||
| 260 |
_aQuezon City : _bC&E Publishing, |
||
| 300 |
_a35 p. : _c28 cm. |
||
| 521 | _aNUR | ||
| 650 | _aChildhood illness. | ||
| 942 |
_cBK _2lcc _kLOC |
||
| 999 |
_c21472 _d21472 |
||